| 000 | 01799cam a22005054i 4500 | ||
|---|---|---|---|
| 003 | PE-LiUPU | ||
| 005 | 20250731165505.0 | ||
| 008 | 150623s r 000 0 d | ||
| 020 | _a8876531416 | ||
| 035 | _a(Sirsi) i9788876531415 | ||
| 040 |
_aPE-LiUPU _bspa _cPE-LiUPU _erda |
||
| 049 | _aPRUA | ||
| 082 | 0 | 4 |
_a221.008 _bAB _221 |
| 100 | 1 |
_aNay, Reto, _eautor. |
|
| 245 | 1 | 0 |
_aJahwe im dialog. _n141 / _cReto Nay. |
| 264 | 1 |
_aRoma : _bEditrice Pontificio Istituto Biblico, _c1999. |
|
| 300 |
_a416 páginas ; _c24 centímetros |
||
| 336 |
_atext _2rdacontent |
||
| 337 |
_aunmediated _2rdamedia |
||
| 338 |
_avolume _2rdacarrier |
||
| 490 | 0 |
_aAnalecta Bíblica ; _v141 |
|
| 504 | _aIncluye bibliografía. | ||
| 505 | 0 | _aKapitel: die problemstellung. -Kapitel: die textvorbereitung. -Kapitel: die redesituation. -Kapitel: die dialoganalyse. -Zusammenfassung, ergebnisse und folgerrungen. | |
| 526 | _aSEG44 | ||
| 526 | _aSEG26 | ||
| 526 | _aP151 | ||
| 526 | _aP150 | ||
| 526 | _aP149 | ||
| 526 | _aP146 | ||
| 526 | _aP145 | ||
| 526 | _aP126 | ||
| 526 | _aP125 | ||
| 526 | _aP92 | ||
| 526 | _aP75 | ||
| 526 | _aP74 | ||
| 526 | _aP27 | ||
| 526 | _aP15 | ||
| 630 |
_aBiblia. _pA.T. _pEzequiel _xComentarios. |
||
| 942 |
_2ddc _cBOOK |
||
| 949 |
_aRC 221.008 AB 141 _wDEWEY _c1 _i47187 _lCCODEBUL1 _mBUL _r0 _sY _tBOOK _u2015-6-24 _xTEOLOGIA _PP35 _0COMPRA _o.CIRCNOTE. No olvidar cambiar la fecha de devolución!!!!!!! _o.STAFF. Colección General |
||
| 994 |
_aC0 _bPEPRU |
||
| 596 | _a1 | ||
| 999 |
_aRC 221.008 AB 141 _wDEWEY _c23736 _i47187 _f2021-11-8 _g6 _lCCODEBUL1 _mBUL _r1 _sY _tBOOK _u2015-6-24 _xTEOLOGIA _PP35 _0COMPRA _o.CIRCNOTE. No olvidar cambiar la fecha de devolución!!!!!!! _o.STAFF. Colección General _d23736 |
||
| 980 |
_81 _gALBERTO SANCHEZ Responsable de Automatización |
||